Morfologia, fonologia y fonetica del ashenica del apurucayali (campa-arawak preandino) /
Guardado en:
| Autor Principal: | |
|---|---|
| Otros Autores: | , |
| Formato: | Libro |
| Publicado: |
Yarinacocha :
Ministerio De Educacion, Inst.lingÜistico De Verano,
1982
|
| Series: | Serie LingÜistica Peruana, 8
|
| Materias: | |
| Etiquetas: |
Agregar Etiqueta
Sin Etiquetas, Sea el primero en etiquetar este registro!
|
| LEADER | 00706nam a22001935a 4500 | ||
|---|---|---|---|
| 001 | EHU.bham006451 | ||
| 003 | AR-BHAM | ||
| 005 | 20090622150036.0 | ||
| 008 | 130507s1982##################000#0#####d | ||
| 082 | 4 | 9 | |a 498 |
| 100 | 1 | |a Payne, David L. | |
| 245 | 1 | 0 | |a Morfologia, fonologia y fonetica del ashenica del apurucayali (campa-arawak preandino) / |c David L. Payne , J. K. Payne , J. Sanchez Santos |
| 260 | |a Yarinacocha : |b Ministerio De Educacion, Inst.lingÜistico De Verano, |c 1982 | ||
| 300 | |a 307 p. | ||
| 490 | 0 | |a Serie LingÜistica Peruana, 8 | |
| 653 | |a Lenguas de america del sur | ||
| 700 | 1 | |a Payne, J. K. | |
| 700 | 1 | |a Sanchez Santos, J. | |
| 859 | |a AR-BHAM |b BIB. HUMANIDADES - General |h 498 |i P292 |p 572.82 |t Ej.1 | ||
